000 00685nam a2200217Ii 4500
003 JO-AjNU
008 230605s9999||||xx |||||||||||||| ||und||
017 _a1978/4713
020 _a977-247-443-3
040 _aJO-AjNU
_bara
_erda
_cJO-AjNU
041 _aara
050 1 4 _aDT137.S5.A2388 1978
100 3 _aمباشر، عبده، م.مشارك توفيق، إسلام,
_eauthor
_919770
245 0 0 _aسيناء: الموقع والتاريخ
264 3 1 _aالقاهرة: دار المعارف، 1978
300 _a234ص
336 _atext
_btxt
_2rdacontent
337 _aunmediated
_bn
_2rdamedia
338 _avolume
_bnc
_2rdacarrier
650 4 _aسينا-تاريخ
_919771
999 _aA6583
_c10151
_d10151